| 000 | 00000nas 2200000za 4500 |
| 001 | 9.837362 |
| 003 | CaOODSP |
| 005 | 20221107151123 |
| 007 | cr ||||||||||| |
| 008 | 170529d19881993onchr p obc f0###b0fre|d |
| 040 | |aCaOODSP|bfre |
| 041 | |aeng|afre |
| 043 | |an-cn--- |
| 086 | 1 |aR12-65-PDF |
| 245 | 00|aList of Canadian native and northern periodicals held by the INAC Library |h[ressource électronique] = |bListe des périodiques canadiens sur les autochtones et sur le Nord conservés à la bibliothèque du AINC. |
| 246 | 11|aListe des périodiques canadiens sur les autochtones conservés à la bibliothèque des AINC |
| 260 | |a[Ottawa : |bBibliothèque du ministère, Affaires indiennes et du Nord Canada, |c198-?-1993?] |
| 310 | |aTriennal |
| 362 | 1 |aNe paraît plus après la livr. de 1993? |
| 500 | |aTitre pris sur la couv. |
| 500 | |aÉdition numérisée de l’imprimé [par Affaires autochtones et du Nord Canada]. |
| 546 | |aTexte en anglais et en français. |
| 692 | 07|2gccst|aPublication en série |
| 692 | 07|2gccst|aCulture autochtone |
| 692 | 07|2gccst|aNord canadien |
| 710 | 1 |aCanada. |bAffaires indiennes et du Nord Canada. |
| 791 | |tList of Canadian native and northern periodicals held by the INAC Library |eeng|w(CaOODSP)9.837360 |